The Encyclopedia of Superstitions / (Record no. 174875)

000 -LEADER
fixed length control field 00486 a2200181 4500
003 - CONTROL NUMBER IDENTIFIER
control field Nust
005 - DATE AND TIME OF LATEST TRANSACTION
control field 20230523125007.0
020 ## - INTERNATIONAL STANDARD BOOK NUMBER
International Standard Book Number 0760702284
040 ## - CATALOGING SOURCE
Transcribing agency Nust
082 ## - DEWEY DECIMAL CLASSIFICATION NUMBER
Classification number 001.9603,ENC
100 ## - MAIN ENTRY--PERSONAL NAME
Personal name Hole, Christina (Ed.)
9 (RLIN) 112541
245 ## - TITLE STATEMENT
Title The Encyclopedia of Superstitions /
Statement of responsibility, etc. Christina Hole, M.A. Radford,
260 ## - PUBLICATION, DISTRIBUTION, ETC.
Place of publication, distribution, etc. New York
Name of publisher, distributor, etc. Barnes & Nobles
Date of publication, distribution, etc. 1961
300 ## - PHYSICAL DESCRIPTION
Extent 384 p.
538 ## - SYSTEM DETAILS NOTE
System details note Almirah No.19 Shelf No.1
610 ## - SUBJECT ADDED ENTRY--CORPORATE NAME
Corporate name or jurisdiction name as entry element Superstitions
9 (RLIN) 112542
942 ## - ADDED ENTRY ELEMENTS (KOHA)
Koha item type Book Bank
Source of classification or shelving scheme
Holdings
Withdrawn status Lost status Source of classification or shelving scheme Damaged status Not for loan Permanent Location Current Location Shelving location Date acquired Full call number Barcode Date last seen Price effective from Koha item type Public note
          Military College of Signals (MCS) Military College of Signals (MCS) General Stacks 12/12/2016 001.9603,ENC MCS27385 12/08/2016 12/12/2016 Book Almirah No.79, Shelf No.1
© 2023 Central Library, National University of Sciences and Technology. All Rights Reserved.